Normal view
MARC view
- الأدب العربي - تاريخ ونقد - المغرب - الأندلس
Entry Topical Term
001 - CONTROL NUMBER
- control field: 44316
003 - CONTROL NUMBER IDENTIFIER
- control field: JO-AjAnu
005 - DATE AND TIME OF LATEST TRANSACTION
- control field: 20230606081335.0
008 - FIXED-LENGTH DATA ELEMENTS
- fixed length control field: 230606|| aca||aabn | a|a d
040 ## - CATALOGING SOURCE
- Original cataloging agency: JO-AjAnu
- Transcribing agency: JO-AjAnu
150 ## - HEADING--TOPICAL TERM
- Topical term or geographic name entry element: الأدب العربي - تاريخ ونقد - المغرب - الأندلس
670 ## - SOURCE DATA FOUND
- Source citation: Work cat.: (JO-AjAnu)22692: فزاري، أمينة, author 44315, الأدب المغربي والأندلسي نصوص شعرية ونثرية مختارة للتطبيق "الطريقة الفنية"